Top 10 countries with the highest population of LGBTQ - Statistics

General Stats
  • This quiz has been taken 46 times
  • The average score is 12 of 15
Answer Stats
Hint Answer % Correct
11% United States
98%
9% United Kingdom
95%
11% Germany
93%
10% Spain
93%
12% Canada
89%
8% France
84%
10% Australia
82%
9% Netherlands
82%
12% Sweden
82%
14% Brazil
80%
10% Belgium
73%
9% Ireland
68%
8% Mexico
68%
8% Thailand
57%
10% Chile
52%
No matching quizzes found
Score Distribution
Percent of People with Each Score
Percentile by Number Answered
Your Score History
You have not taken this quiz